<?xml version="1.0" encoding="UTF-8"?>
<collection xmlns="http://www.loc.gov/MARC21/slim">
 <record>
  <leader>02144nam a2200217Ia 4500</leader>
  <controlfield tag="001">CTU_163906</controlfield>
  <controlfield tag="008">210402s9999    xx            000 0 und d</controlfield>
  <datafield tag="082" ind1=" " ind2=" ">
   <subfield code="a">363.70285</subfield>
  </datafield>
  <datafield tag="082" ind1=" " ind2=" ">
   <subfield code="b">S464</subfield>
  </datafield>
  <datafield tag="088" ind1=" " ind2=" ">
   <subfield code="a">60850101</subfield>
  </datafield>
  <datafield tag="100" ind1=" " ind2=" ">
   <subfield code="a">Đinh, Việt Sơn</subfield>
  </datafield>
  <datafield tag="245" ind1=" " ind2="0">
   <subfield code="a">Ứng dụng Gis nâng cao hiệu quả công tác quản lý nhà nước về môi trường tại địa phương :</subfield>
  </datafield>
  <datafield tag="245" ind1=" " ind2="0">
   <subfield code="b">Luận văn Thạc sĩ Khoa học chuyên ngành Quản lí môi trường</subfield>
  </datafield>
  <datafield tag="245" ind1=" " ind2="0">
   <subfield code="c">Đinh Việt Sơn ; Nguyễn Hiếu Trung (Hướng dẫn khoa học)</subfield>
  </datafield>
  <datafield tag="260" ind1=" " ind2=" ">
   <subfield code="a">Cần Thơ</subfield>
  </datafield>
  <datafield tag="260" ind1=" " ind2=" ">
   <subfield code="b">Trường Đại học Cần Thơ</subfield>
  </datafield>
  <datafield tag="260" ind1=" " ind2=" ">
   <subfield code="c">2010</subfield>
  </datafield>
  <datafield tag="520" ind1=" " ind2=" ">
   <subfield code="a">Một thực trạng mà không riêng tại thành phố Cần thơ mà ở các tỉnh Đồng bằng sông Cửu Long nói chung trong thời gian gần đây đã và đang đối mặt là nguồn nước mặt bị ô nhiễm do chất thải từ hoạt động nuôi thuỷ sản, các nhà máy chế biến, sản xuất trong và ngoài khu công nghiệp. Tuy nhiên những số liệu thống kê về nguồn thải, chất lượng nguồn thải, vị trí nguồn thải,... chưa được liên kết đồng bộ với nhau, chủ yếu trên phương pháp lưu hồ sơ, giấy tờ. Vấn đề quản lí như trên gây bất tiện trong việc trích lục thông tin, cảnh báo ô nhiễm, công tác kiểm tra, thanh tra của các cơ quan nhà nước. Cải cách hành chính, giảm bớt thủ tục, quản lí hồ sơ một cách chặt chẽ, khoa học, luôn được các cấp chính quyền quan tâm. Ngày nay, công nghệ thông tin, đặc biệt là GIS là gải pháp tốt nhất cho công tác cải cách hành chính.</subfield>
  </datafield>
  <datafield tag="650" ind1=" " ind2=" ">
   <subfield code="a">Quản lý môi trường,Environmental mangement</subfield>
  </datafield>
  <datafield tag="904" ind1=" " ind2=" ">
   <subfield code="i">Thoa, Hải</subfield>
  </datafield>
  <datafield tag="980" ind1=" " ind2=" ">
   <subfield code="a">Trung tâm Học liệu Trường Đại học Cần Thơ</subfield>
  </datafield>
 </record>
</collection>
